Carregando...

6n the irrawaddy /

Detalhes bibliográficos
Autor principal: Henty, G. A.
Idioma:Undetermined
LEADER 00343nam a2200109Ia 4500
001 166584
008 170722s9999 xx 000 0 und d
100 |a Henty, G. A. 
245 |a 6n the irrawaddy / 
942 |c GEN 
999 |c 157949  |d 157949 
952 |0 0  |1 0  |4 0  |6 O_3M3210_D7  |7 0  |8 LC1  |9 221372  |a LIB  |b LIB  |d 2017-08-12  |h LC1  |o O-,3M321,0 D7  |p A426  |r 2017-08-12  |w 2017-08-12  |y GEN